T20-0 駅名クイズ - 廃止になったJR線 ver. - Statistics

General Stats
  • This quiz has been taken 20 times
  • The average score is 88 of 401
Answer Stats
Number Answer % Correct
江差
93%
歌志内
87%
Y25 夕張
87%
砂川
73%
名寄
73%
K20 新夕張
73%
上砂川
73%
松前
73%
留萌
73%
増毛
73%
三厩
73%
江津
73%
美祢
73%
大嶺
73%
中標津
67%
深川
67%
湧別
67%
石狩沼田
67%
岩泉
67%
片町
67%
鍛冶屋
67%
大社
67%
新十津川
60%
今別
60%
三次
60%
出雲市
60%
上ノ国
53%
南稚内
53%
紋別
53%
遠軽
53%
様似
53%
木古内
53%
中小国
53%
53%
三段峡
53%
厚狭
53%
長門市
53%
浦臼
47%
幌加内
47%
音威子府
47%
中頓別
47%
浜頓別
47%
猿払
47%
興部
47%
浦河
47%
北一已
47%
秩父別
47%
北秩父別
47%
陸前高田
47%
大船渡
47%
気仙沼
47%
石見川本
47%
河戸
47%
安芸亀山
47%
南大嶺
47%
上山田
47%
山野
47%
石狩月形
40%
中湧別
40%
T35 東鹿越
40%
津軽二股
40%
宇都井
40%
彦山
40%
標茶
33%
別海
33%
厚床
33%
Y23 清水沢
33%
西興部
33%
33%
日高門別
33%
新冠
33%
静内
33%
日高東別
33%
岩見沢
33%
三笠
33%
渡島知内
33%
渡島福島
33%
T34 金山
33%
T36 幾寅
33%
茂市
33%
岩手和井内
33%
志津川
33%
野村
33%
西脇
33%
加計
33%
歓遊舎ひこさん
33%
湯ノ岱
27%
根室標津
27%
朱鞠内
27%
Y22 南清水沢
27%
宇津
27%
27%
上湧別
27%
恵比島
27%
大和田
27%
舎熊
27%
津軽浜名
27%
押角
27%
鹿折唐桑
27%
27%
口羽
27%
湯ノ峠
27%
於福
27%
飯塚
27%
下山田
27%
宝珠山
27%
薩摩大口
27%
栗野
27%
神威
20%
歌神
20%
宮越
20%
中須田
20%
本中小屋
20%
中小屋
20%
知来乙
20%
晩生内
20%
南下徳富
20%
下徳富
20%
多度志
20%
湖畔
20%
蕗ノ台(臨)
20%
西名寄
20%
上音威子府(臨)
20%
小頓別
20%
飛行場前
20%
声問
20%
下川
20%
下鶉
20%
フイハップ浜(臨)
20%
大狩部
20%
東静内
20%
日高三石
20%
絵笛
20%
東町
20%
西様似
20%
幾春別
20%
峠下
20%
礼受
20%
信砂
20%
T32 山部
20%
T33 下金山
20%
T37 落合
20%
上鹿折
20%
江津本町
20%
浜原
20%
伊賀和志
20%
式敷
20%
尾関山
20%
20%
戸河内
20%
厚保
20%
重安
20%
長門湯本
20%
豊前川崎
20%
大行司
20%
今山
20%
筑前宮田
20%
文珠
13%
西歌
13%
渡島鶴岡
13%
吉堀
13%
神明
13%
桂岡
13%
石狩金沢
13%
月ヶ岡
13%
豊ヶ岡
13%
札比内
13%
札的
13%
鶴沼
13%
於札内
13%
中徳富
13%
泉川
13%
光進
13%
西春別
13%
上春別
13%
計根別
13%
当幌
13%
上武佐
13%
川北
13%
春別
13%
平糸
13%
奥行臼
13%
上多度志
13%
鷹泊
13%
沼牛
13%
上幌加内
13%
雨煙別(臨)
13%
政和温泉(臨)
13%
政和
13%
添牛内
13%
白樺(臨)
13%
北母子里
13%
天塩弥生
13%
Y21 沼ノ沢
13%
Y24 鹿ノ谷
13%
上頓別
13%
敏音知
13%
松音知
13%
上駒
13%
寿
13%
下頓別
13%
山軽
13%
安別
13%
浅茅野
13%
鬼志別
13%
小石
13%
曲淵
13%
沼川
13%
恵北
13%
宇遠内
13%
中名寄
13%
上名寄
13%
二ノ橋
13%
一ノ橋
13%
上興部
13%
中興部
13%
豊野
13%
沙留
13%
富丘
13%
渚滑
13%
潮見町
13%
元紋別
13%
小向
13%
弘道
13%
沼ノ上
13%
四号線
13%
東鶉
13%
汐見
13%
富川
13%
豊郷
13%
厚賀
13%
節婦
13%
静内海水浴場(臨)
13%
本桐
13%
荻伏
13%
日高幌別
13%
鵜苫
13%
重内
13%
湯ノ里
13%
千軒
13%
白符
13%
渡島吉岡
13%
渡島大沢
13%
真布
13%
幌糠
13%
阿分
13%
朱文別
13%
箸別
13%
T31 布部
13%
岩手大川
13%
小友
13%
下船渡
13%
歌津
13%
蔵内
13%
大谷海岸
13%
南気仙沼
13%
不動の沢
13%
千金
13%
川平
13%
川戸
13%
田津
13%
石見川越
13%
鹿賀
13%
因原
13%
木路原
13%
13%
乙原
13%
石見簗瀬
13%
明塚
13%
粕淵
13%
沢谷
13%
石見松原
13%
石見都賀
13%
江平
13%
作木口
13%
香淀
13%
信木
13%
所木
13%
船佐
13%
長谷
13%
粟屋
13%
出雲高松
13%
津浪
13%
殿賀
13%
上殿
13%
筒賀
13%
土居
13%
八田原
13%
四郎ケ原
13%
渋木
13%
板持
13%
臼井
13%
大隈
13%
筑前岩屋
13%
大鶴
13%
水俣
13%
西菱刈
13%
菱刈
13%
焼山
7%
多和
7%
開栄
7%
協和
7%
円山
7%
宇摩
7%
幌成
7%
下幌成
7%
新成生
7%
新富
7%
共栄
7%
恵野
7%
周磨
7%
新弥生
7%
常盤
7%
芦野
7%
樺岡
7%
東声問(臨)
7%
矢文
7%
岐阜橋
7%
幸成
7%
六興
7%
班渓
7%
北興
7%
旭ヶ丘
7%
一本松
7%
川西
7%
北湧
7%
共進
7%
開盛
7%
北遠軽
7%
清畠
7%
春立
7%
蓬栄
7%
栄町
7%
萱野
7%
唐松
7%
弥生
7%
森越
7%
及部
7%
東幌糠
7%
桜庭
7%
藤山
7%
瀬越
7%
浜中海水浴場(臨)
7%
大平
7%
大川平
7%
岩手刈屋
7%
中里
7%
浅内
7%
二升石
7%
陸前矢作
7%
竹駒
7%
脇ノ沢
7%
細浦
7%
陸前横山
7%
陸前戸倉
7%
清水浜
7%
陸前港
7%
陸前小泉
7%
本吉
7%
小金沢
7%
陸前階上
7%
最知
7%
松岩
7%
市原
7%
羽安
7%
曽我井
7%
中村町
7%
荒茅
7%
今井田
7%
毛木
7%
安芸飯室
7%
小河内
7%
安野
7%
水内
7%
坪野
7%
田之尻
7%
香草
7%
木坂
7%
平恒
7%
熊ヶ畑
7%
真崎
7%
東川崎
7%
豊前桝田
7%
勝野
7%
磯光
7%
東水俣
7%
肥後深川
7%
深渡瀬
7%
久木野
7%
薩摩布計
7%
西山野
7%
郡山八幡
7%
前目
7%
湯之尾
7%
稲葉崎
7%
No matching quizzes found
Score Distribution
Percent of People with Each Score
Percentile by Number Answered
Your Score History
You have not taken this quiz